00968nam a2200217Ia 4500003000900000008004100009040001600050080002300066111007200089245027800161260006800439300001500507490004200522650004100564650001300605650002500618700002100643700002500664700002400689710003700713IN-BaIIA211028s9999 xx 000 0 eng d cIIA Library a082.2:52bIAU-C124 aInternational Astronomical Union ColloquiumcAlabamad1989 Dec. 4-7 0aPaired and interacting galaxiesbproceedings of the International Astronomical Union Colloquium No.124 held at the University of Alabama at Tuscaloosa, Alabama December 4-7, 1989cedited by J. W. Sulentic, W. C. Keel and C. M. Telesco  aWashingtonbNational Aeronautics and Space Administrationc1990 axii, 775p. aNASA conference publication; no .3098 aAstronomy and Astrophysics Thesaurus agalaxies aInteracting galaxies aKeel, W. C., ed. aSulentic, J. W., ed. aTelesco, C. M., ed. aInternational Astronomical Union